MDQL
is popping MORE tags! Check the
thread
!
Quizzes
Events
Quiz Creation
Community
Videos
Private Events
Remove Ads
Sign In
Join for FREE
Feedback
Dark Mode
Quiz Categories
Sports
Geography
Music
Movies
Television
Just For Fun
Miscellaneous
History
Literature
Language
Science
Gaming
Entertainment
Religion
Holiday
For Kids
Quiz Lab
Recent
Popular Today
Quiz Kudos Today
Editor Picks
Curator Picks
Quizzes by...
Day
Popularity
Type
Ratings
Length
Year
Community
Subscriptions
Recent Discussions
Orange Saloon
Badges
Playlists
Quests
Create
Leaderboards
Showdown
Live 5
Trivia Bingo
Activity
Puzzle Library
Sporcle Events
Private Events
Virtual Trivia
Globe League
Become a Host
Pub Owners
SporcleCon
Opinionation
Our Games
Videos
Blog
Mobile Apps
Partnerships
Remove Ads and Go Orange
Feedback
Movies
Disney
Marvel Cinematic Universe
Movie Resume
Movie Titles
Oscar
Actor
Actress
Director
Pixar
Role
Movie Quotes
Movie Characters
Box Office
Nominee
Best Picture
Star Wars
James Bond
Horror Movies
Movies
Disney
Marvel Cinematic Universe
Movie Resume
Movie Titles
Oscar
Actor
Actress
Director
Pixar
Role
Movie Quotes
Movie Characters
Box Office
Nominee
Best Picture
Star Wars
James Bond
Horror Movies
Random Quiz
Search Sporcle
×
Quiz Lab
Quiz Lab
Movies
Color
Type in answers that appear in a list
Type in answers that appear in a list
Classic
Best Score? Go Orange.
300 Most Voted IMDB Movies with Colors in the Title A-Z Stats
Can you name the 300 Most Voted IMDB Movies A-Z with Colors in the Title?
By
darinh
20m
300 Questions
1,814 Plays
1,814 Plays
1,814 Plays
Comments
Comments
Give Quiz Kudos
Give Quiz Kudos
-
- Ratings
hide this ad
More Info
Replay
Link that replays current quiz
Next Quiz
Link to next quiz in quiz playlist
You Got
0%
They Got
Avg Score
13%
Avg Friend Score
Upgrade to see
Score Distribution
Jump to the score distribution portion of the page
Score
0/300
Timer
20:00
0
Plays Today
Year
Title
% Correct
2010
Red
90.9%
2008
Red
90.9%
2005
Black
87.2%
1985
The Color Purple
65.2%
1981
Reds
64.5%
1999
The Green Mile
61.8%
1971
A Clockwork Orange
55.8%
1968
Yellow Submarine
53.8%
1964
Goldfinger
51%
2006
The Pink Panther
50.9%
1963
The Pink Panther
50.8%
1986
Blue Velvet
49.5%
1986
Pretty in Pink
48%
1984
Red Dawn
47.4%
1990
The Hunt for Red October
46.3%
1984
Purple Rain
45.3%
1995
GoldenEye
42.8%
1980
The Blue Lagoon
42.4%
1937
Snow White and the Seven Dwarfs
39.8%
1994
Black Beauty
39.3%
1995
Crimson Tide
39.3%
1980
The Blues Brothers
39.1%
1954
White Christmas
39%
2011
The Green Hornet
38.3%
1941
How Green Was My Valley
37.5%
1985
The Purple Rose of Cairo
37.2%
2003
Deep Blue
36.6%
1942
The Black Swan
36.3%
2010
Black Swan
36.3%
1997
Men in Black
35.1%
1998
The Thin Red Line
34.5%
1999
Deep Blue Sea
32.4%
2002
Red Dragon
32%
1974
The Man with the Golden Gun
31.4%
2001
Black Hawk Down
31%
1995
The Scarlet Letter
29.4%
1992
White Men Can't Jump
27.7%
1979
The Black Stallion
27.5%
2001
Black Knight
26.9%
1948
The Red Shoes
26.9%
1972
Pink Flamingos
25.4%
2006
The Black Dahlia
25.2%
1994
Three Colors: Red
24.7%
2006
Black Christmas
24.4%
1974
Black Christmas
24.4%
1993
Three Colors: Blue
24.2%
1991
Fried Green Tomatoes
24%
1994
Three Colors: White
23.9%
1994
Blue Sky
23.8%
2002
Orange County
23.6%
2004
White Chicks
22.5%
1981
On Golden Pond
22.1%
1948
Red River
22%
1988
The Thin Blue Line
21.8%
2009
Red Riding: In the Year of Our Lord 1974
21.6%
2009
Red Riding: In the Year of Our Lord 1980
21.6%
2009
Red Riding: In the Year of Our Lord 1983
21.6%
2002
Blue Crush
21.4%
2003
Pirates of the Caribbean: The Curse of the Black Pearl
21.4%
2000
Red Planet
20.8%
1998
Meet Joe Black
20.5%
1999
Black and White
20.4%
2010
Blue Valentine
20.3%
1975
The Return of the Pink Panther
20%
2011
Red Riding Hood
19.7%
1991
White Fang
19.5%
2005
White Noise
19.1%
1997
Jackie Brown
18.7%
2002
White Oleander
18.7%
1954
Creature from the Black Lagoon
18.6%
1989
Black Rain
18.6%
1934
The Black Cat
18.5%
1934
The Scarlet Pimpernel
18.5%
1976
Silver Streak
18.4%
1973
Soylent Green
18.3%
2007
The Golden Compass
18.3%
1998
Black Dog
18.3%
1961
Blue Hawaii
18.1%
2009
The Pink Panther 2
17.7%
1952
Moulin Rouge
17.6%
2001
Moulin Rouge!
17.6%
2005
Red Eye
17.6%
2002
Austin Powers in Goldmember
17.6%
1986
The Golden Child
17%
1985
Red Sonja
17%
2003
The Brown Bunny
16.9%
1984
The Woman in Red
16.6%
1988
Red Heat
16.5%
2002
Men in Black II
16.4%
1960
Black Sunday
16.3%
1977
Black Sunday
16.3%
1949
White Heat
16.3%
1968
The Green Berets
16%
2005
Into the Blue
15.7%
1987
Black Widow
15%
1997
Her Majesty, Mrs. Brown
15%
1951
The Red Badge of Courage
15%
1998
Blues Brothers 2000
14.9%
1985
Silver Bullet
14.8%
1985
The Black Cauldron
14.7%
Year
Title
% Correct
1985
The Man with One Red Shoe
14.7%
1949
She Wore a Yellow Ribbon
14.3%
2009
Whiteout
14.3%
1989
Pink Cadillac
13.9%
1999
Blue Streak
13.3%
2004
Black Friday
13.3%
2010
Green Zone
13%
2007
Fantastic 4: Rise of the Silver Surfer
12.8%
2000
Pitch Black
12.6%
1947
Black Narcissus
12.6%
1990
My Blue Heaven
12.6%
1991
Return to the Blue Lagoon
12.6%
1985
White Nights
12.6%
1983
Blue Thunder
12.4%
1976
The Pink Panther Strikes Again
12%
1979
The Black Hole
11.8%
1995
Devil in a Blue Dress
11.5%
2006
Black Snake Moan
11.4%
1963
Black Sabbath
11.3%
1978
Revenge of the Pink Panther
11.2%
2003
Legally Blonde 2: Red, White & Blonde
11%
1996
White Squall
11%
1930
The Blue Angel
10.8%
1988
Lady in White
10.8%
1955
The Man with the Golden Arm
10.8%
1972
Lady Sings the Blues
10.7%
1990
Green Card
10.3%
2010
Black Death
10.3%
1982
White Dog
10.2%
1986
Betty Blue
10.1%
2006
Black Sheep
10.1%
1996
Black Sheep
10.1%
1989
Blue Steel
10.1%
1932
White Zombie
10%
1945
The Picture of Dorian Gray
9.9%
1993
Red Rock West
9.7%
1999
Varsity Blues
9.7%
1971
Red Sun
9.3%
1988
The Big Blue
9.2%
2006
Black Book
9.2%
1955
Bad Day at Black Rock
8.7%
1988
Red Scorpion
8.5%
1990
White Hunter Black Heart
8.3%
1999
Mickey Blue Eyes
8.2%
1995
The Big Green
8.2%
1946
The Blue Dahlia
8.1%
2009
The White Ribbon
8%
1975
Deep Red
7.9%
1983
Curse of the Pink Panther
7.6%
1993
Son of the Pink Panther
7.6%
1980
The Big Red One
7.5%
2007
Black Water
7.5%
1995
White Man's Burden
7.3%
2004
Red Lights
7.1%
2002
Brown Sugar
7.1%
1998
The Red Violin
6.7%
1932
Red Dust
6.6%
2007
La Vie en Rose
6.5%
1994
Blue Chips
6.4%
1951
The Lavender Hill Mob
6.4%
2002
Dark Blue
6.3%
1964
The Masque of the Red Death
6.2%
1983
Yellowbeard
6.2%
2001
The Curse of the Jade Scorpion
6%
2004
Harold & Kumar Go to White Castle
5.9%
2004
Little Black Book
5.8%
1992
White Sands
5.7%
1989
A Dry White Season
5.4%
1996
The Great White Hype
5.4%
1988
Biloxi Blues
5.4%
1997
Red Corner
5.1%
2008
The Red Baron
5.1%
1992
Single White Female
4.9%
1951
The Man in the White Suit
4.9%
1969
A Boy Named Charlie Brown
4.9%
1974
Foxy Brown
4.9%
2001
Charlotte Gray
4.8%
1978
Blue Collar
4.6%
1964
Red Desert
4.6%
1984
Broadway Danny Rose
4.4%
1990
Mo' Better Blues
4.4%
2006
Out of the Blue
4.2%
1968
The Bride Wore Black
4.2%
1990
White Palace
4.2%
2009
Black Dynamite
4.1%
1945
The Woman in Green
4.1%
1993
Even Cowgirls Get the Blues
4.1%
1946
Green for Danger
4.1%
1991
Raise the Red Lantern
4.1%
1966
The Blue Max
4%
1995
Blue in the Face
4%
1990
Miami Blues
3.9%
1982
Trail of the Pink Panther
3.9%
2000
The Crimson Rivers
3.8%
1934
The Scarlet Empress
3.7%
2009
Harry Brown
3.6%
2005
The Exorcism of Emily Rose
3.6%
2005
The Wild Blue Yonder
3.6%
1993
Undercover Blues
3.6%
1982
Pink Floyd The Wall
3.5%
Year
Title
% Correct
1988
The Lair of the White Worm
3.4%
1959
Black Orpheus
3.4%
2003
Sky Blue
3.3%
2007
Sydney White
3.3%
2000
Dancing at the Blue Iguana
3.2%
1991
Rambling Rose
3.2%
1986
Black Moon Rising
3.1%
2005
Green Street Hooligans
3.1%
2008
The Yellow Handkerchief
3.1%
2009
Dorian Gray
3%
1998
Black Cat, White Cat
2.9%
2006
Red Road
2.9%
2007
White Noise 2: The Light
2.9%
2004
The White Diamond
2.7%
1965
A Patch of Blue
2.6%
1996
Black Mask
2.6%
1964
Blood and Black Lace
2.5%
2004
Crimson Rivers 2: Angels of the Apocalypse
2.5%
2008
Hellboy II: The Golden Army
2.5%
1945
Scarlet Street
2.5%
1977
Audrey Rose
2.4%
2002
Blue Car
2.4%
1998
Perfect Blue
2.3%
1987
White Water Summer
2.3%
1952
The Crimson Pirate
2.2%
1953
The Blue Gardenia
2.2%
2000
Greenfingers
2.2%
2006
Curse of the Golden Flower
2.1%
1965
Red Beard
2.1%
2005
Diary of a Mad Black Woman
2%
2007
Elizabeth: The Golden Age
1.9%
2010
Red Hill
1.9%
1973
Electra Glide in Blue
1.9%
2007
The White Angel
1.9%
2008
Meet the Browns
1.9%
1970
Soldier Blue
1.8%
1997
Ma vie en rose
1.7%
1919
Broken Blossoms or The Yellow Man and the Girl
1.6%
1960
Purple Noon
1.6%
1960
The Grass is Greener
1.6%
2004
Silver City
1.5%
1977
Soldier of Orange
1.5%
2005
The Big White
1.5%
1995
The White Balloon
1.5%
2009
Red Sands
1.4%
2005
The White Countess
1.4%
1998
Air Bud: Golden Receiver
1.4%
2006
Gray Matters
1.4%
1991
Black Robe
1.3%
2008
Red Cliff
1.3%
2000
The Golden Bowl
1.3%
1993
Fear of a Black Hat
1.2%
2007
My Blueberry Nights
1.2%
1988
Black Eagle
1.1%
1952
The White Sheik
1.1%
2003
Black Cadillac
1%
2009
Powder Blue
1%
2007
Purple Violets
0.9%
2008
The Black Balloon
0.9%
1993
The Scent of Green Papaya
0.9%
1972
The Tall Blond Man with One Black Shoe
0.9%
2003
Save the Green Planet!
0.8%
1988
Red Sorghum
0.7%
1993
The Bride with White Hair
0.7%
1967
Reflections in a Golden Eye
0.6%
1974
The Golden Voyage of Sinbad
0.6%
2004
Touch of Pink
0.6%
1995
Blue Juice
0.6%
2007
Flight of the Red Balloon
0.5%
1971
Two-Lane Blacktop
0.5%
2005
The Ballad of Jack and Rose
0.4%
2003
The Green Butchers
0.4%
2006
Dark Blue Almost Black
0.3%
1970
Le Cercle Rouge
0.3%
2005
The Cave of the Yellow Dog
0.3%
1944
The Scarlet Claw
0.3%
2007
Black Irish
0.3%
2004
Born Into Brothels: Calcutta's Red Light Kids
0.3%
2003
Crimson Gold
0.3%
1998
Desert Blue
0.3%
2003
Blue Collar Comedy Tour: The Movie
0.2%
1972
Echoes: Pink Floyd
0.2%
2009
Red Cliff II
0.2%
2000
Tears of the Black Tiger
0.2%
1970
White Sun of the Desert
0.2%
2006
Everything's Gone Green
0.2%
2004
Four Shades of Brown
0.2%
1994
Legend of the Red Dragon
0.2%
1978
The Girl with the Red Scarf
0.2%
2005
The White Massai
0.2%
2001
Dark Blue World
0.1%
1968
Girl in Gold Boots
0.1%
2006
Golden Door
0.1%
2006
Keloglan vs. the Black Prince
0.1%
2001
Warm Water Under a Red Bridge
0.1%
1975
White Collar Blues
0.1%
1987
Cobra Verde
0.1%
1993
La ardilla roja
0.1%
2003
Schultze Gets the Blues
0.1%
2009
Tales from the Golden Age
0.1%
Quiz Playlist
Details
Report
Send in Message
Add To Playlist
More Info:
Name A-Z the 300 most voted IMDB movies with colors in the title. Colors such as "Brown" which are part of a name are included. SEE NOTES BELOW.
Classic:
Type in answers that appear in a list
Quiz Source
Last Updated: Nov 14, 2018
Quiz Scoreboard
CHALLENGE
Sign Up to Join the Scoreboard
Show All
Scores
Hide
Comments
May contain spoilers
Recently Published
Holiday 10x10 Sorting Gallery
by lukepisani3
Holiday
15m
Two Season TV Shows II
by 123Four
Television
10m
Image Sorting: Flags VI
by Barbecue
Geography
2m
More to Explore
Quiz From the Vault
Featured Blog Post
14 Easter Pick-up Lines to Find Eggs With
hide this ad
You Might Also Like...
Tags
Color Quiz
300
A-Z
Alphabetical
imdb
Voted
Today's Top Quizzes in Movies
Browse Movies
hide this ad
Today's Top Quizzes in Color
Browse Color
Top Contributed Quizzes in Movies
1
The ultimate James Bond movie quiz
2
Find The 'Big' Movie
3
Find The 'Wild' Movie
4
Find The 'Blue' Movie
5
Movies By Plot
6
Hidden Star Wars Character II
7
Hidden Star Wars Character III
8
25 Best Actor Nominees (1990s)
9
Hidden Star Wars Character IV
10
Pick 5 Posters: Directed by Spielberg
Explore More
Trending Topics
Kpop
Anime
Harry Potter
Crossword
Marvel
Disney
NBA
Puzzle
Song
The Office
WWE
Pokémon
Soccer
Country
NFL
hide this ad
More By:
darinh
Quiz
Plays
Rating
Category
Featured
Created
50 Largest US Cities Minefield
1,747,381
4.11
Geography
Jun 10, 2011
Largest Cities/Towns per State Minefield
475,932
3.88
Geography
Jul 11, 2011
Countries With Highest GDP Minefield
259,357
4.26
Geography
Dec 6, 2011
Largest Countries by Continent Minefield
258,589
4.07
Geography
Jun 11, 2011
World Capitals Within 1000km
179,162
4.76
Geography
Jul 8, 2011
Go to Creator's Profile
Score Distribution
Quiz Creator Spotlight
darinh
Follow
Send a Message
Quizzes Created
-
Created Quiz Play Count
-
More By This Creator
Popular Quizzes Today
1
Find the US States - No Outlines Minefield
2
Colored Red Africa Blitz
3
Find the 'City' Movie
4
The Countries of the World
5
5x2 Blitz: Bands
6
Find the Countries of Europe - No Outlines Minefield
7
Find the US States
8
US States
More Movies Quizzes
Horror Movie by Screaming Face!
Curator's Pick
Trending Quizzes
Colored Red Europe Blitz I
Colored Red Europe Blitz II
Colored Red Africa Blitz II
Even More Two Season TV Shows
Colored Red Africa Blitz III
Recently Updated
Odd Team Out - Big 4 Players
pecheneg
Quick Pick: 20 Twenties
pecheneg
March Madness Men's Triple Doubles
pecheneg
How Do You Spell That?
pecheneg
Godzilla Movies
pecheneg
Grab Bag: 4-10 Letters
pecheneg
2024 March Madness Bracket
pecheneg
Famous TV Couples
Peacemaker
Champions League XIs: Real Madrid
pecheneg
Largest US Cities 1790-2010
pecheneg
Trending Topics
Kpop
Disney
Marvel
Harry Potter
NBA
Anime
Crossword
Puzzle
WWE
The Office
Country
Song
Soccer
NFL
Pokémon
Your Account Isn't Verified!
In order to create a playlist on Sporcle, you need to verify the email address you used during registration. Go to your
Sporcle Settings
to finish the process.
Report this User
Report this user for behavior that violates our
Community Guidelines
.
Details:
Send Report
Go to the Sporcle.com Mobile Site →
Comments